000 01419cam a22003251 4500
001 gs 32000076
003 DLC
005 20260227111336.0
008 780524s1932 dcubef f001 0 eng
010 _ags 32000076
035 _a(OCoLC)3925073
040 _aDLC
_cUSlW
_dISS
_dOCoLC
_dDLC
042 _apremarc
050 0 0 _aTN24.C6
_bB4 no. 169
086 0 _aI 19.16:169
100 1 _aBurbank, W. S.
_q(Wilbur Swett),
_d1898-1975.
245 1 0 _aGeology and ore deposits of the Bonanza mining district, Colorado,
_cby W. S. Burbank; with a section on History and production, by Charles W. Henderson. Prepared in cooperation with the Colorado metal mining fund.
260 _aWashington,
_bU.S. Govt. Print. Off.,
_c1932.
300 _aix, 166 p.
_bincl. plans, tables, diagrs. 35 pl. (part fold., incl. maps, plans, diagrs.)
_c29 cm.
410 2 0 _aGeological Survey (U.S.).
_tProfessional paper
_v169
500 _aAt head of title: United States Department of the Interior.
500 _aMap, 2 plans and diagram folded in pocket.
504 _aBibliographical foot-notes.
650 0 _aGeology
_zColorado
_zSaguache County.
650 0 _aOre deposits.
650 0 _aMines and mineral resources
_zColorado
_zSaguache County.
700 1 _aHenderson, Charles William,
_d1885-
710 2 _aColorado State Metal Mining Fund.
740 0 _aBonanza mining district, Colorado, Geology and ore deposits of the.
999 _c26948
_d26948